[Event "Hastings Weekend op-A"]
[Site "Hastings"]
[Date "2024.01.07"]
[Round "4"]
[White "Isaacs, Ruairi"]
[Black "Plotnikov, Dmytro"]
[Result "1-0"]
[WhiteElo "1466"]
[BlackElo "1500"]
[PlyCount "61"]
[EventDate "2024.01.06"]
[EventType "swiss"]
[EventRounds "5"]
[EventCountry "ENG"]
[SourceTitle "CB02_2024"]
[SourceDate "2024.01.10"]
[SourceVersion "1"]
[SourceVersionDate "2024.01.10"]
[SourceQuality "1"]

1. d4 d5 2. c4 e6 3. Nc3 Nf6 4. cxd5 exd5 5. Bg5 Be7 6. e3 c6 7. Bd3 b6 8. Qc2 h6 9. Bh4 c5 10. Nf3 c4 11. Be2 a6 12. 0-0 Bb7 13. Ne5 b5 14. a3 Nbd7 15. f4 Nxe5 16. fxe5 Ne4 17. Nxe4 dxe4 18. Bxe7 Qxe7 19. Rf4 Bd5 20. Raf1 0-0 21. Bg4 b4 22. axb4 Qxb4 23. Bf5 Rab8 24. Bxe4 Bxe4 25. Qxe4 Qxb2 26. e6 Kh8 27. e7 Rg8 28. Rxf7 c3 29. Rf8 Qb5 30. Qe6 c2 31. Qxg8# 1-0